Rescuing your teenager from depression

Bibliographic Details
Main Author: Berlinger, Norman T.
Format: Book
Published: New York : HarperCollins Publishers , 2006
Subjects:

MARC

LEADER 00000cam a2200000 7i4500
001 0000016806
005 20080502.0
008 290408
020 |a 006056721X 
090 0 0 |a 155.5   |b BER 
100 1 |a Berlinger, Norman T. 
245 1 0 |a Rescuing your teenager from depression   |c Norman T. Berlinger 
260 |a New York :   |b HarperCollins Publishers ,   |c 2006 
650 0 |a Depression in adolescence   |x Popular works 
650 0 |a Parent and teenager 
999 |a 0001015423   |b Book   |c Adult Collection   |e Perbadanan Perpustakaan Awam Johor 
999 |a 0001015424   |b Book   |c Adult Collection   |e Perbadanan Perpustakaan Awam Johor